000 00806nam a22001817a 4500
999 _c63640
_d63640
003 Ge_BSU
005 20251120150720.0
008 251120s1962 ge ||||| |||| 00| 0 geo d
041 _ageo
080 _a338(479.25) ქ-70
100 _aქოჩინიანი, ა.
_926285
245 _aსომხეთი შვიდწლედში /
_cა. ქოჩინიანი; [თარგმ. სომხ. ლ. ასტვაცატუროვმა].
264 _aთბ. :
_bსაბჭ. საქართველო,
_c1962.
300 _a84 გვ. :
_b 10ფ. ილ. ;
_c20 სმ.
653 _aსომხეთის ეკონომიკა
700 _aასტვაცატუროვი, ლ.
_eმთარგმნელი
_926286
942 _2udc
_cᲬᲘᲒᲜᲘ